[Event "Arber op 8th"]
[Site "Bodenmais"]
[Date "2019.07.27"]
[Round "1"]
[White "Bergmann, Reiner"]
[Black "Beck, Gerald"]
[Result "0-1"]
[WhiteElo "1823"]
[BlackElo "2176"]
[PlyCount "45"]
[EventDate "2019.07.27"]
[EventType "swiss"]
[EventRounds "9"]
[EventCountry "GER"]
[SourceTitle "CBM 191 Extra"]
[Source "ChessBase"]
[SourceDate "2019.09.30"]
[SourceVersion "1"]
[SourceVersionDate "2019.09.30"]
[SourceQuality "1"]

1. e4 c5 2. a3 a6 3. b4 e5 4. Nf3 Nc6 5. b5 axb5 6. Bxb5 Nge7 7. Nc3 d6 8. h3 Bd7 9. Ng5 f6 10. Bc4 fxg5 11. Qf3 d5 12. exd5 Nd4 13. Qh5+ g6 14. Qxg5 Nef5 15. Qxd8+ Kxd8 16. Kd1 b5 17. Ba2 b4 18. g4 bxc3 19. dxc3 Nb5 20. gxf5 Nxc3+ 21. Kd2 Nxa2 22. Bb2 Bh6+ 23. Ke2 0-1

[Event "Landesliga Sued 1718"]
[Site "Bayern"]
[Date "2018.03.18"]
[Round "8.7"]
[White "Beck, Gerald"]
[Black "Siemens, Andreas"]
[Result "1/2-1/2"]
[WhiteElo "1883"]
[BlackElo "1941"]
[PlyCount "67"]
[EventDate "2017.10.22"]
[EventType "team-tourn"]
[EventRounds "9"]
[EventCountry "GER"]
[SourceTitle "EXT 2022"]
[Source "ChessBase"]
[SourceDate "2021.10.06"]
[SourceVersion "1"]
[SourceVersionDate "2021.10.06"]
[SourceQuality "1"]
[WhiteTeam "Haunstetten TSV"]
[BlackTeam "Rottal Inn"]
[WhiteTeamCountry "GER"]
[BlackTeamCountry "GER"]

1. c4 Nf6 2. g3 g6 3. Bg2 Bg7 4. Nc3 d6 5. e4 Nbd7 6. d3 0-0 7. Nge2 c6 8. 0-0 e5 9. h3 Nc5 10. Be3 Ne6 11. d4 Nc7 12. Qb3 Qe7 13. Qa3 Re8 14. dxe5 dxe5 15. Bc5 Qe6 16. b3 Na6 17. Be3 Qe7 18. Qb2 Be6 19. Rad1 Nd7 20. Qc1 Ndc5 21. Bg5 f6 22. Be3 Red8 23. Qa3 Bf8 24. Qc1 Rd7 25. Rxd7 Qxd7 26. Rd1 Qe7 27. Qd2 Qc7 28. f4 Be7 29. g4 Rd8 30. Qc2 Rxd1+ 31. Qxd1 b6 32. f5 Bf7 33. Bf3 Qd6 34. Qxd6 1/2-1/2

[Event "Caldaro Puntay op-A 1st"]
[Site "Caldaro"]
[Date "2016.10.23"]
[Round "4"]
[White "De Nisi, Roberta"]
[Black "Beck, Gerald"]
[Result "1-0"]
[WhiteElo "1852"]
[BlackElo "1903"]
[PlyCount "105"]
[EventDate "2016.10.21"]
[EventType "swiss"]
[EventRounds "5"]
[EventCountry "ITA"]
[SourceTitle "EXT 2018"]
[Source "ChessBase"]
[SourceDate "2017.10.13"]
[SourceVersion "1"]
[SourceVersionDate "2017.10.13"]
[SourceQuality "1"]

1. d4 Nf6 2. c4 g6 3. Nc3 d5 4. cxd5 Nxd5 5. e4 Nxc3 6. bxc3 Bg7 7. Bc4 c5 8. Ne2 Nc6 9. Be3 cxd4 10. cxd4 0-0 11. Rc1 Qa5+ 12. Bd2 Qh5 13. Be3 Qg4 14. Ng3 Rd8 15. Qxg4 Bxg4 16. f3 Bd7 17. Ne2 Be8 18. e5 h6 19. 0-0 e6 20. Rfd1 Ne7 21. Nc3 Rac8 22. Ne4 Bc6 23. Nd6 Rb8 24. Bb5 Bxb5 25. Nxb5 a6 26. Nd6 Nd5 27. Bd2 g5 28. Rb1 b6 29. Rdc1 f6 30. Nc4 b5 31. exf6 Bxf6 32. Ne5 Bxe5 33. dxe5 Nb6 34. Ba5 Rd5 35. Rc6 Nc4 36. Rxc4 Rxe5 37. Re4 Rc5 38. Bb4 Rc6 39. a3 Kf7 40. Rd1 Rb7 41. Rd8 h5 42. Red4 Rcc7 43. Rf8+ Kg7 44. Rdd8 Rc1+ 45. Kf2 Rbc7 46. Rg8+ Kh7 47. Rh8+ Kg6 48. Rdg8+ Kf5 49. Rxh5 R7c2+ 50. Kg3 Ra2 51. Rhxg5+ Kf6 52. h4 Rcc2 53. Rf8# 1-0

[Event "Augsburg op"]
[Site "Augsburg"]
[Date "2013.12.29"]
[Round "6"]
[White "Grimberg, Boris"]
[Black "Beck, Gerald"]
[Result "1/2-1/2"]
[WhiteElo "2382"]
[BlackElo "1922"]
[PlyCount "100"]
[EventDate "2013.12.27"]
[EventType "swiss"]
[EventRounds "7"]
[EventCountry "GER"]
[SourceTitle "CBM 158 Extra"]
[Source "ChessBase"]
[SourceDate "2014.02.28"]
[SourceVersion "1"]
[SourceVersionDate "2014.02.28"]
[SourceQuality "1"]

1. e4 c5 2. Nf3 a6 3. c3 d5 4. exd5 Nf6 5. d4 Qxd5 6. Be2 e6 7. 0-0 Be7 8. Be3 cxd4 9. cxd4 Nc6 10. Nc3 Qd8 11. a3 0-0 12. Rc1 h6 13. h3 Bd6 14. Qb3 b5 15. Qc2 Bb7 16. Ne4 Nxe4 17. Qxe4 Qd7 18. Qg4 f5 19. Qh4 f4 20. Bd2 Rf5 21. Bd3 Be7 22. Qg4 Nxd4 23. Nxd4 Rg5 24. Bc3 Rxg4 25. hxg4 Bf6 26. Rfd1 Qf7 27. Nf3 Bxf3 28. gxf3 h5 29. Be4 Rc8 30. Bxf6 Rxc1 31. Rxc1 gxf6 32. Rc8+ Kg7 33. Rb8 f5 34. Rb7 fxe4 35. Rxf7+ Kxf7 36. gxh5 exf3 37. Kh2 Kf6 38. Kh3 Kg5 39. h6 Kxh6 40. Kg4 e5 41. Kf5 a5 42. b3 b4 43. axb4 axb4 44. Kxe5 Kg5 45. Ke4 Kg4 46. Ke5 Kg5 47. Kd4 Kg4 48. Ke4 Kg5 49. Kd3 Kg4 50. Ke4 Kg5 1/2-1/2

[Event "Augsburg op"]
[Site "Augsburg"]
[Date "2013.12.28"]
[Round "4"]
[White "Beck, Gerald"]
[Black "Hahn, Christoph"]
[Result "1/2-1/2"]
[WhiteElo "1922"]
[BlackElo "2187"]
[PlyCount "111"]
[EventDate "2013.12.27"]
[EventType "swiss"]
[EventRounds "7"]
[EventCountry "GER"]
[SourceTitle "CBM 158 Extra"]
[Source "ChessBase"]
[SourceDate "2014.02.28"]
[SourceVersion "1"]
[SourceVersionDate "2014.02.28"]
[SourceQuality "1"]

1. c4 e6 2. g3 Nf6 3. Bg2 d5 4. Nf3 Be7 5. 0-0 0-0 6. d3 b6 7. Ne5 Bb7 8. Nc3 Nbd7 9. f4 c6 10. Nf3 Qc7 11. e4 dxe4 12. dxe4 Rad8 13. Qc2 e5 14. Kh1 exf4 15. gxf4 b5 16. e5 Ng4 17. h3 Nh6 18. f5 Nxe5 19. Nxe5 Qxe5 20. cxb5 Bd6 21. Bf4 Qxf5 22. Qxf5 Nxf5 23. Bxd6 Nxd6 24. bxc6 Ba6 25. Rf2 Nc4 26. Bf1 Rd6 27. b3 Ne5 28. Bxa6 Rxc6 29. Bc4 Nxc4 30. bxc4 Rxc4 31. Rf3 Rd8 32. Rd1 Rxd1+ 33. Nxd1 Rc1 34. Rd3 g6 35. a3 h5 36. Kg2 Kg7 37. Nf2 Rc4 38. Kf3 Ra4 39. Ne4 f5 40. Nc5 Ra5 41. Rc3 g5 42. a4 Kf6 43. Rc4 g4+ 44. hxg4 fxg4+ 45. Kf4 Kf7 46. Nb3 Ra6 47. a5 Kg6 48. Kg3 Rd6 49. Nd4 Rd5 50. a6 Kg5 51. Ne6+ Kf5 52. Nf4 Ra5 53. Nxh5 Ra3+ 54. Kg2 Rxa6 55. Ng3+ Kg5 56. Rc5+ 1/2-1/2

[Event "Cologne Longerich op-A 10th"]
[Site "Cologne"]
[Date "2013.07.20"]
[Round "2"]
[White "Mohaupt, Sascha"]
[Black "Beck, Gerald"]
[Result "1/2-1/2"]
[WhiteElo "2179"]
[BlackElo "2079"]
[PlyCount "56"]
[EventDate "2013.07.19"]
[EventType "tourn"]
[EventRounds "5"]
[EventCountry "GER"]
[SourceTitle "EXT 2017"]
[Source "ChessBase"]
[SourceDate "2016.10.25"]
[SourceVersion "1"]
[SourceVersionDate "2016.10.25"]
[SourceQuality "1"]

1. e4 c5 2. Nf3 a6 3. d3 g6 4. g3 Bg7 5. Bg2 Nc6 6. 0-0 Qb6 7. Nbd2 e5 8. c3 Nge7 9. a3 0-0 10. b4 d5 11. exd5 Nxd5 12. Bb2 Rd8 13. Re1 f6 14. Qe2 Bg4 15. h3 Bf5 16. Ne4 cxb4 17. axb4 a5 18. bxa5 Nxa5 19. c4 Nb4 20. Red1 Nb3 21. Rxa8 Rxa8 22. Ne1 Nc6 23. Qe3 Qxe3 24. fxe3 Ra2 25. Bc3 Bxe4 26. Bxe4 Bh6 27. Ng2 Rc2 28. Be1 Kf7 1/2-1/2

[Event "Oberliga Baden 0203"]
[Site "Germany"]
[Date "2003.01.12"]
[Round "4.8"]
[White "Beck, Gerald"]
[Black "Fiedler, Joerg"]
[Result "1/2-1/2"]
[WhiteElo "2178"]
[BlackElo "2088"]
[PlyCount "28"]
[EventDate "2002.10.20"]
[EventType "team-tourn"]
[EventRounds "9"]
[EventCountry "GER"]
[SourceTitle "EXT 2018"]
[Source "ChessBase"]
[SourceDate "2017.10.13"]
[SourceVersion "1"]
[SourceVersionDate "2017.10.13"]
[SourceQuality "1"]
[WhiteTeam "Bad Mergentheim"]
[BlackTeam "Konstanz"]
[WhiteTeamCountry "GER"]
[BlackTeamCountry "GER"]

1. d4 f5 2. c4 Nf6 3. Nf3 g6 4. g3 Bg7 5. Bg2 0-0 6. 0-0 d6 7. Nc3 Qe8 8. b4 c6 9. Bb2 Na6 10. Qb3 Kh8 11. a4 Nc7 12. b5 Bd7 13. e3 h6 14. b6 Ne6 1/2-1/2

[Event "Baden OL 0102"]
[Site "Germany"]
[Date "2002.03.17"]
[Round "7.7"]
[White "Duessel, Udo"]
[Black "Beck, Gerald"]
[Result "0-1"]
[WhiteElo "2080"]
[BlackElo "2175"]
[PlyCount "114"]
[EventDate "2001.10.07"]
[EventType "team"]
[EventRounds "9"]
[EventCountry "GER"]
[SourceTitle "EXT 2003"]
[Source "ChessBase"]
[SourceDate "2002.11.25"]
[SourceVersion "1"]
[SourceVersionDate "2002.11.25"]
[SourceQuality "1"]
[WhiteTeam "Waldshut"]
[BlackTeam "Bad Mergentheim"]
[WhiteTeamCountry "GER"]
[BlackTeamCountry "GER"]

1. d4 d5 2. c4 e6 3. Nc3 Nf6 4. Bg5 Be7 5. e3 0-0 6. Nf3 h6 7. Bh4 b6 8. Rc1 Bb7 9. cxd5 Nxd5 10. Bxe7 Qxe7 11. Nxd5 Bxd5 12. a3 Rc8 13. Bd3 c5 14. 0-0 Nd7 15. e4 Bb7 16. Qe2 cxd4 17. Nxd4 Nc5 18. Rfd1 Nxd3 19. Qxd3 Rxc1 20. Rxc1 Rd8 21. Qe3 Qd7 22. Nf3 Qd3 23. Qxd3 Rxd3 24. Ne5 Rd2 25. f3 f6 26. Ng6 Rd7 27. h4 Kf7 28. h5 Ke8 29. Kh2 Kd8 30. Kg3 Rd2 31. Nf8 Bc8 32. b4 Rd3 33. Rxc8+ Kxc8 34. Nxe6 Rxa3 35. Nxg7 Ra1 36. b5 Kd7 37. Nf5 Rb1 38. Nxh6 Rxb5 39. Nf5 a5 40. h6 Rc5 41. h7 Rc8 42. Ne3 Rh8 43. Nd5 b5 44. Kf4 a4 45. Kf5 a3 46. Nxf6+ Kd8 47. g4 a2 48. g5 Rxh7 49. Nxh7 a1Q 50. g6 Ke7 51. f4 b4 52. e5 Qb1+ 53. Kg5 Qg1+ 54. Kf5 b3 55. Nf6 b2 56. Nd5+ Kf8 57. Nc3 Qg3 0-1

[Event "BL2-Sued 9900"]
[Site "Germany"]
[Date "2000.03.26"]
[Round "8.5"]
[White "Beck, Gerald"]
[Black "Osorio Ortiz, Marcos Eduardo"]
[Result "0-1"]
[WhiteElo "2213"]
[BlackElo "2289"]
[PlyCount "74"]
[EventDate "1999.10.10"]
[EventType "team-tourn"]
[EventRounds "9"]
[EventCountry "GER"]
[SourceTitle "CBM 075 Extra"]
[Source "ChessBase"]
[SourceDate "2000.05.11"]
[SourceVersion "2"]
[SourceVersionDate "2000.05.11"]
[SourceQuality "1"]
[WhiteTeam "Bad Mergentheim"]
[BlackTeam "Sindelfingen"]
[WhiteTeamCountry "GER"]
[BlackTeamCountry "GER"]

1. d4 Nf6 2. Nf3 g6 3. Bg5 Bg7 4. Nbd2 h6 5. Bh4 0-0 6. c3 b6 7. e3 c5 8. Bxf6 Bxf6 9. Ne4 Bg7 10. dxc5 Bb7 11. Bd3 Na6 12. cxb6 axb6 13. 0-0 d5 14. Ned2 Nc5 15. Be2 e5 16. Qc2 g5 17. Nb3 g4 18. Nfd2 f5 19. Nxc5 bxc5 20. b4 c4 21. a4 Qg5 22. a5 Bc6 23. Qa2 Kh8 24. Rab1 Bb5 25. Rbc1 f4 26. exf4 exf4 27. f3 g3 28. h3 Rfe8 29. Rfe1 Re3 30. Qa1 Qe7 31. Bf1 Re8 32. Red1 Qa7 33. Kh1 Re2 34. Bxe2 Rxe2 35. Nb1 Rxg2 36. Rd4 Rh2+ 37. Kg1 Qe7 0-1

[Event "BL2-Sued 9900"]
[Site "Germany"]
[Date "1999.10.10"]
[Round "1.4"]
[White "Koch, Wolfgang Max"]
[Black "Beck, Gerald"]
[Result "1-0"]
[WhiteElo "2305"]
[BlackElo "2213"]
[PlyCount "145"]
[EventDate "1999.10.10"]
[EventType "team-tourn"]
[EventRounds "9"]
[EventCountry "GER"]
[SourceTitle "CBM 074 Extra"]
[Source "ChessBase"]
[SourceDate "2000.03.10"]
[SourceVersion "2"]
[SourceVersionDate "2000.03.10"]
[SourceQuality "1"]
[WhiteTeam "Baiertal/Schatthausen"]
[BlackTeam "Bad Mergentheim"]
[WhiteTeamCountry "GER"]
[BlackTeamCountry "GER"]

1. d4 d5 2. c4 e6 3. Nc3 Nf6 4. Bg5 Be7 5. e3 0-0 6. Nf3 h6 7. Bh4 b6 8. Be2 Bb7 9. Bxf6 Bxf6 10. cxd5 exd5 11. 0-0 Nd7 12. b4 c6 13. Qb3 Rc8 14. Rfd1 a6 15. a4 b5 16. a5 Re8 17. Bf1 Be7 18. Ne2 Bd6 19. Nc1 Rc7 20. Nd3 Nf6 21. Nc5 Bc8 22. Rac1 Ne4 23. Qb2 Qe7 24. Re1 Qf6 25. Nd3 Qe7 26. g3 f6 27. Bg2 Bd7 28. Nc5 Bxc5 29. dxc5 Ng5 30. Nxg5 hxg5 31. e4 f5 32. f3 dxe4 33. fxe4 f4 34. Rf1 Rf8 35. Qd2 Qe5 36. Qd6 Qxd6 37. cxd6 Rcc8 38. Rc5 fxg3 39. Rxf8+ Kxf8 40. hxg3 g4 41. e5 Kf7 42. Kf2 Ke6 43. Be4 Rf8+ 44. Ke2 Rc8 45. Bc2 Kf7 46. Ke3 g5 47. Kd4 Rh8 48. Bb3+ Be6 49. Bxe6+ Kxe6 50. Rxc6 Rh1 51. Rc7 Rd1+ 52. Kc5 Kxe5 53. Re7+ Kf6 54. Re4 Rc1+ 55. Kd5 Rd1+ 56. Rd4 Rc1 57. Rxg4 Rc3 58. Re4 Rxg3 59. d7 Rd3+ 60. Kc6 Rc3+ 61. Kb7 Rd3 62. Kxa6 Rxd7 63. Kxb5 Kf5 64. Re1 g4 65. a6 g3 66. Kc6 Rh7 67. b5 Kf4 68. b6 Rh6+ 69. Kc7 Rh7+ 70. Kb8 g2 71. Rg1 Kg3 72. a7 Rh8+ 73. Kb7 1-0

[Event "Oberliga Baden 9899"]
[Site "Germany"]
[Date "1999.01.24"]
[Round "5.6"]
[White "Beck, Gerald"]
[Black "Moller, Michael"]
[Result "1-0"]
[WhiteElo "2210"]
[BlackElo "2255"]
[PlyCount "67"]
[EventDate "1998.10.??"]
[EventType "team"]
[EventRounds "9"]
[EventCountry "GER"]
[SourceTitle "EXT 2002"]
[Source "ChessBase"]
[SourceDate "2001.11.25"]
[SourceVersion "1"]
[SourceVersionDate "2001.11.25"]
[SourceQuality "1"]
[WhiteTeam "Bad Mergentheim"]
[BlackTeam "Konstanz"]
[WhiteTeamCountry "GER"]
[BlackTeamCountry "GER"]

1. d4 Nf6 2. Nf3 e6 3. e3 b6 4. Be2 Bb7 5. 0-0 Be7 6. c4 0-0 7. Nc3 d5 8. b3 dxc4 9. Bxc4 Nbd7 10. Bb2 c5 11. Rc1 Rc8 12. Qe2 Ne4 13. Nxe4 Bxe4 14. Rfd1 Qc7 15. dxc5 bxc5 16. Bd3 Bc6 17. Bb5 Rfd8 18. Bxc6 Qxc6 19. Nd2 Nf6 20. Nc4 Qb5 21. Qc2 Nd5 22. Be5 Nb4 23. Qb1 a5 24. a4 Qa6 25. Rxd8+ Bxd8 26. Rd1 Be7 27. Rd7 Nc6 28. Qd1 Nxe5 29. Nxe5 Bf6 30. Ng4 Qb6 31. Nxf6+ gxf6 32. Qg4+ Kf8 33. Qh5 Ke8 34. Qxf7# 1-0

[Event "Oberliga Baden 9899"]
[Site "Germany"]
[Date "1998.10.11"]
[Round "1.6"]
[White "Beck, Gerald"]
[Black "Schulte, Torsten"]
[Result "1/2-1/2"]
[WhiteElo "2210"]
[BlackElo "2085"]
[PlyCount "47"]
[EventDate "1998.10.??"]
[EventType "team"]
[EventRounds "9"]
[EventCountry "GER"]
[SourceTitle "EXT 2002"]
[Source "ChessBase"]
[SourceDate "2001.11.25"]
[SourceVersion "1"]
[SourceVersionDate "2001.11.25"]
[SourceQuality "1"]
[WhiteTeam "Bad Mergentheim"]
[BlackTeam "Eppingen II"]
[WhiteTeamCountry "GER"]
[BlackTeamCountry "GER"]

1. d4 Nf6 2. Nf3 d5 3. g3 e6 4. Bg2 Be7 5. 0-0 0-0 6. c4 a6 7. Qc2 dxc4 8. a4 Bd7 9. Ne5 Bc6 10. Nxc6 Nxc6 11. e3 Na5 12. Nd2 c6 13. Nxc4 Nxc4 14. Qxc4 Qa5 15. Rd1 Bb4 16. b3 Rfd8 17. Bb2 Rd7 18. Rac1 Rad8 19. Bf3 Bd6 20. Kg2 Qf5 21. Qc2 Qxc2 22. Rxc2 Nd5 23. Kf1 Nb4 24. Rcc1 1/2-1/2

[Event "BL2-Sued 9798"]
[Site "Germany"]
[Date "1998.??.??"]
[Round "?.7"]
[White "Beck, Gerald"]
[Black "Osorio Ortiz, Marcos Eduardo"]
[Result "0-1"]
[WhiteElo "2200"]
[BlackElo "2265"]
[PlyCount "134"]
[EventDate "1997.10.??"]
[EventType "team-tourn"]
[EventRounds "9"]
[EventCountry "GER"]
[SourceTitle "EXT 1999"]
[Source "ChessBase"]
[SourceDate "1998.11.16"]
[SourceVersion "1"]
[SourceVersionDate "1998.11.16"]
[SourceQuality "1"]
[WhiteTeam "Bad Mergentheim"]
[BlackTeam "Sindelfingen"]
[WhiteTeamCountry "GER"]
[BlackTeamCountry "GER"]

1. d4 Nf6 2. Nf3 g6 3. Bf4 Bg7 4. e3 d6 5. h3 0-0 6. Nbd2 Nc6 7. c3 h6 8. Qc2 e5 9. dxe5 Nd5 10. Bh2 Nxe5 11. Be2 Nd7 12. 0-0 a5 13. Rad1 a4 14. Rfe1 Nc5 15. e4 Ne7 16. Nd4 Nc6 17. Nc4 Nxd4 18. cxd4 Ne6 19. e5 Qg5 20. Qe4 f5 21. Qf3 f4 22. d5 Nc5 23. exd6 b5 24. dxc7 bxc4 25. Bxc4 Kh8 26. d6 Ra5 27. Bd5 Nd7 28. Bb7 Be5 29. Bxc8 Rxc8 30. Qb7 Raa8 31. f3 Bxd6 32. Rd5 Qf6 33. Qc6 Bc5+ 34. Rxc5 Qd4+ 35. Kh1 Qxc5 36. Qxd7 Rxc7 37. Qe6 Qf5 38. Qxf5 gxf5 39. Bxf4 Rc6 40. Be5+ Kh7 41. a3 Re8 42. f4 Rd8 43. Re2 Rc4 44. Re3 h5 45. Rg3 Rg8 46. Rc3 Rxc3 47. Bxc3 Kg6 48. Kg1 Kf7 49. Kf2 Ke6 50. Kf3 Kd5 51. Bf6 Rg6 52. Bc3 Kc4 53. Be5 Kd3 54. Bc3 Kc2 55. Be5 Kd2 56. Kf2 Kd3 57. Kf3 h4 58. Bc3 Rg3+ 59. Kf2 Ke4 60. Be5 Rg6 61. Bc7 Rc6 62. Be5 Rc2+ 63. Kg1 Ke3 64. Kh1 Kf2 65. Bf6 Kg3 66. Bd4 Rc1+ 67. Bg1 Rd1 0-1

[Event "BL2-Sued 9596"]
[Site "Germany"]
[Date "1996.??.??"]
[Round "?.6"]
[White "Beck, Gerald"]
[Black "Bintakies, Michael"]
[Result "1/2-1/2"]
[WhiteElo "2255"]
[BlackElo "2210"]
[PlyCount "60"]
[EventDate "1995.10.??"]
[EventType "team-tourn"]
[EventRounds "9"]
[EventCountry "GER"]
[SourceTitle "GER-chT2"]
[Source "ChessBase"]
[SourceDate "1999.07.01"]
[SourceVersion "1"]
[SourceVersionDate "1999.07.01"]
[SourceQuality "1"]
[WhiteTeam "Bad Mergentheim"]
[BlackTeam "Goeggingen"]
[WhiteTeamCountry "GER"]
[BlackTeamCountry "GER"]

1. d4 d5 2. Nf3 Nf6 3. e3 Bg4 4. Nbd2 e6 5. Bd3 c5 6. b3 Nc6 7. Bb2 cxd4 8. exd4 Bd6 9. a3 0-0 10. 0-0 Rc8 11. Qe1 Nh5 12. g3 Bh3 13. Qe2 Bxf1 14. Rxf1 Qe7 15. Ne5 g6 16. Nxc6 Rxc6 17. a4 Ba3 18. Ba1 Rd8 19. Nf3 Rcc8 20. Ne5 f6 21. Ng4 Bd6 22. Re1 Ng7 23. Qf3 f5 24. Ne5 Bxe5 25. Rxe5 Qa3 26. Re1 a6 27. Qd1 Rd6 28. c4 Rb6 29. c5 Rxb3 30. Bc2 Rc3 1/2-1/2

[Event "BL2-Sued 9596"]
[Site "Germany"]
[Date "1996.??.??"]
[Round "?.5"]
[White "Beck, Gerald"]
[Black "Schulze, Ulrich"]
[Result "0-1"]
[WhiteElo "2255"]
[BlackElo "2370"]
[PlyCount "88"]
[EventDate "1995.10.??"]
[EventType "team-tourn"]
[EventRounds "9"]
[EventCountry "GER"]
[SourceTitle "GER-chT2"]
[Source "ChessBase"]
[SourceDate "1999.07.01"]
[SourceVersion "1"]
[SourceVersionDate "1999.07.01"]
[SourceQuality "1"]
[WhiteTeam "Bad Mergentheim"]
[BlackTeam "Viernheim"]
[WhiteTeamCountry "GER"]
[BlackTeamCountry "GER"]

1. d4 Nf6 2. Nf3 g6 3. Bg5 Bg7 4. Nbd2 d5 5. e3 0-0 6. Bd3 c5 7. c3 Qb6 8. Rb1 Nc6 9. 0-0 e5 10. dxc5 Qxc5 11. e4 dxe4 12. Nxe4 Nxe4 13. Bxe4 Be6 14. Qa4 Qc4 15. Qxc4 Bxc4 16. Rfe1 f6 17. b3 Be6 18. Be3 Rfd8 19. Rbd1 Bf8 20. Kf1 a5 21. Bb6 Rxd1 22. Rxd1 a4 23. Bd5 Kf7 24. b4 Rc8 25. Bxe6+ Kxe6 26. Nd2 Nb8 27. Nb1 Nd7 28. Be3 f5 29. Ke2 Nf6 30. f3 Nd5 31. Bd2 Be7 32. Kd3 Bf6 33. Re1 b5 34. Na3 Nxc3 35. Bxc3 e4+ 36. Ke2 Rxc3 37. Nxb5 Rc2+ 38. Kf1 Rxa2 39. fxe4 Be5 40. exf5+ Kxf5 41. Re3 Rb2 42. Na7 Rb3 43. Nc6 Bf6 44. Na5 Rxb4 0-1

[Event "BL2-Sued 9495"]
[Site "Germany"]
[Date "1995.??.??"]
[Round "7.5"]
[White "Beck, Gerald"]
[Black "Kaiser, Wolfgang"]
[Result "0-1"]
[WhiteElo "2260"]
[BlackElo "2365"]
[PlyCount "106"]
[EventDate "1994.10.??"]
[EventType "team-tourn"]
[EventRounds "9"]
[EventCountry "GER"]
[SourceTitle "GER-chT2"]
[Source "ChessBase"]
[SourceDate "1999.07.01"]
[SourceVersion "1"]
[SourceVersionDate "1999.07.01"]
[SourceQuality "1"]
[WhiteTeam "Bad Mergentheim"]
[BlackTeam "Passau"]
[WhiteTeamCountry "GER"]
[BlackTeamCountry "GER"]

1. d4 Nf6 2. Nf3 b6 3. Bf4 g6 4. e3 Bg7 5. Nbd2 Bb7 6. Be2 d6 7. h3 Nbd7 8. 0-0 0-0 9. c3 Qe8 10. Qc2 e5 11. dxe5 Nxe5 12. Nxe5 dxe5 13. Bg5 Qe6 14. Bf3 Bxf3 15. Nxf3 h6 16. Bxf6 Bxf6 17. Rfd1 Rad8 18. Qa4 a5 19. e4 Be7 20. a3 c6 21. Qc2 Kg7 22. Rxd8 Rxd8 23. Rd1 Rxd1+ 24. Qxd1 b5 25. Qd2 a4 26. Ne1 Bg5 27. Qe2 Qa2 28. Nd3 Qe6 29. Kh2 Qd6 30. g3 h5 31. Kg2 Bh6 32. f3 c5 33. Kf1 Kf8 34. Nf2 c4 35. Qd1 Ke7 36. Qxd6+ Kxd6 37. Ke2 Bc1 38. Nd1 Ke6 39. Kf2 Kf6 40. Kg2 Kg5 41. h4+ Kf6 42. Kf2 g5 43. Kf1 Kg6 44. Kf2 f5 45. Kg2 f4 46. Kf2 fxg3+ 47. Kxg3 gxh4+ 48. Kxh4 Kh6 49. Kh3 Kg5 50. Kg3 h4+ 51. Kf2 Kf4 52. Kg2 h3+ 53. Kf2 h2 0-1

[Event "BL2-Sued 9495"]
[Site "Germany"]
[Date "1995.??.??"]
[Round "2.5"]
[White "Beck, Gerald"]
[Black "Osorio Ortiz, Marcos Eduardo"]
[Result "0-1"]
[WhiteElo "2260"]
[BlackElo "2280"]
[PlyCount "76"]
[EventDate "1994.10.??"]
[EventType "team-tourn"]
[EventRounds "9"]
[EventCountry "GER"]
[SourceTitle "GER-chT2"]
[Source "ChessBase"]
[SourceDate "1999.07.01"]
[SourceVersion "1"]
[SourceVersionDate "1999.07.01"]
[SourceQuality "1"]
[WhiteTeam "Bad Mergentheim"]
[BlackTeam "Sindelfingen"]
[WhiteTeamCountry "GER"]
[BlackTeamCountry "GER"]

1. d4 Nf6 2. Nf3 g6 3. Bg5 Bg7 4. Nbd2 h6 5. Bh4 0-0 6. c3 d6 7. e4 Nc6 8. Be2 Qe8 9. 0-0 e5 10. dxe5 Nxe5 11. Nxe5 dxe5 12. Qb3 Kh8 13. Rad1 Nd7 14. Qc4 c6 15. Qb4 Nb6 16. Nc4 Nxc4 17. Rd8 a5 18. Qxc4 Qe6 19. Rfd1 g5 20. Bg3 Qe7 21. Rxf8+ Bxf8 22. f3 Be6 23. Qa4 f6 24. c4 Qb4 25. Qc2 Bc5+ 26. Kh1 Bd4 27. b3 a4 28. Be1 axb3 29. axb3 Qa3 30. h4 Qa2 31. Qd3 Ra3 32. Bf1 Qxb3 33. hxg5 Qxd3 34. Bxd3 hxg5 35. Bf1 Kg7 36. Rb1 b6 37. Bb4 Ra8 38. Bd6 Rh8# 0-1

[Event "BL2-Sued 9596"]
[Site "Germany"]
[Date "1995.??.??"]
[Round "?.6"]
[White "Gabriel, Robert A"]
[Black "Beck, Gerald"]
[Result "1-0"]
[WhiteElo "2270"]
[BlackElo "2255"]
[PlyCount "77"]
[EventDate "1995.10.??"]
[EventType "team-tourn"]
[EventRounds "9"]
[EventCountry "GER"]
[SourceTitle "GER-chT2"]
[Source "ChessBase"]
[SourceDate "1999.07.01"]
[SourceVersion "1"]
[SourceVersionDate "1999.07.01"]
[SourceQuality "1"]
[WhiteTeam "Stuttgart"]
[BlackTeam "Bad Mergentheim"]
[WhiteTeamCountry "GER"]
[BlackTeamCountry "GER"]

1. d4 d5 2. Nf3 Nf6 3. Bf4 e6 4. e3 Be7 5. Bd3 0-0 6. Nbd2 c5 7. c3 Nc6 8. h3 Bd7 9. 0-0 c4 10. Bb1 b5 11. a3 a5 12. e4 Nh5 13. Bh2 f5 14. exd5 exd5 15. Ne5 g6 16. Nxc6 Bxc6 17. Nf3 Nf6 18. Ne5 Bd7 19. Re1 Re8 20. g4 fxg4 21. hxg4 Ra6 22. f3 Be6 23. Qd2 Nd7 24. Bc2 Bg5 25. Bf4 Nxe5 26. Rxe5 Bf6 27. Bg5 Bxg5 28. Qxg5 Qxg5 29. Rxg5 Bf7 30. Re5 Rxe5 31. dxe5 g5 32. Kf2 h6 33. Ke3 Kf8 34. Kd4 Rc6 35. Bf5 Ke7 36. Re1 Bg8 37. Rh1 Bf7 38. e6 Bxe6 39. Rxh6 1-0

[Event "BL2-Sued 9495"]
[Site "Germany"]
[Date "1995.??.??"]
[Round "3.5"]
[White "Porth, Dietmar"]
[Black "Beck, Gerald"]
[Result "1-0"]
[WhiteElo "2270"]
[BlackElo "2260"]
[PlyCount "147"]
[EventDate "1994.10.??"]
[EventType "team-tourn"]
[EventRounds "9"]
[EventCountry "GER"]
[SourceTitle "GER-chT2"]
[Source "ChessBase"]
[SourceDate "1999.07.01"]
[SourceVersion "1"]
[SourceVersionDate "1999.07.01"]
[SourceQuality "1"]
[WhiteTeam "Kirchheim"]
[BlackTeam "Bad Mergentheim"]
[WhiteTeamCountry "GER"]
[BlackTeamCountry "GER"]

1. d4 d5 2. c4 e6 3. g3 Nf6 4. Bg2 dxc4 5. Nf3 c5 6. Qa4+ Bd7 7. Qxc4 Nc6 8. 0-0 Qb6 9. dxc5 Bxc5 10. Nc3 Qb4 11. Qd3 0-0 12. a3 Qa5 13. Bg5 Qc7 14. Rac1 Be7 15. Ne4 Rfd8 16. Nxf6+ Bxf6 17. Bxf6 gxf6 18. Rc4 Be8 19. Qe3 Kf8 20. Qh6+ Ke7 21. Qxh7 Rd6 22. Qh4 Rad8 23. e4 e5 24. Nxe5 Rd4 25. Nxc6+ Bxc6 26. Rc3 Rd3 27. Rcc1 Qe5 28. Rfe1 Rd2 29. b4 Ra2 30. Re3 Rdd2 31. Rf3 Rxf2 32. Rxf2 Rxf2 33. Rd1 Qb2 34. Bf1 Rd2 35. Rxd2 Qxd2 36. Qf4 Qd4+ 37. Qf2 Qxe4 38. Bg2 Qb1+ 39. Bf1 Qe4 40. Qe2 f5 41. Kf2 Kd6 42. Qxe4 fxe4 43. Ke3 Ke5 44. Bc4 f6 45. Bf7 Kf5 46. Bg8 Kg4 47. Be6+ f5 48. Kf2 b6 49. h3+ Kg5 50. Ke3 Be8 51. Bc4 Bh5 52. h4+ Kf6 53. Kf4 Bd1 54. Bb5 Bg4 55. Be8 Ke7 56. Bc6 Bh3 57. g4 Bxg4 58. Bxe4 Kf6 59. Bf3 Bh3 60. Be2 Bg2 61. Bd3 Bh3 62. h5 a5 63. b5 Bg4 64. h6 Bh3 65. h7 Kg7 66. Ke5 Bg4 67. Bxf5 Be2 68. Bd7 Kxh7 69. Kd6 Kg7 70. Kc6 Kf6 71. Kxb6 Ke7 72. Kc7 Bf3 73. b6 Be4 74. Bc6 1-0